Upside Down Flags #6 - Statistics

General Stats
  • This quiz has been taken 44 times
  • The average score is 19 of 20
Answer Stats
Picture Answer % Correct
China
100%
Croatia
100%
Greece
100%
Japan
100%
Mexico
100%
Russia
100%
Ukraine
100%
Malaysia
97%
Pakistan
97%
North Macedonia
94%
Luxembourg
91%
Montenegro
91%
Syria
91%
Zambia
91%
Angola
89%
Guatemala
89%
Liberia
89%
Senegal
89%
Armenia
83%
East Timor
83%
No matching quizzes found
Score Distribution
Percent of People with Each Score
Percentile by Number Answered
Your Score History
You have not taken this quiz